LEADER 00914nam0-22003371i-450- 001 990003079420403321 005 20050427093236.0 010 $a0-86187-892-2 035 $a000307942 035 $aFED01000307942 035 $a(Aleph)000307942FED01 035 $a000307942 100 $a20030910d1990----km-y0itay50------ba 101 0 $aeng 102 $aIT 200 1 $aFinancing the European Community$fMichael Shackleton. 210 $aLondon$cThe Royal Institute of International Affairs$cPinter$d1990. 215 $a101 p.$d22 cm 610 0 $aEuropa 676 $aF/1.4 676 $aO/1.243 676 $aO/2.222 702 1$aShackleton,$bMichael 801 0$aIT$bUNINA$gRICA$2UNIMARC 901 $aBK 912 $a990003079420403321 952 $aO/1.243 SHA$b8794$fSES 952 $aF1-F4.56$b3047$fDECTS 959 $aSES 996 $aFinancing the European Community$9459902 997 $aUNINA LEADER 01777nam 2200385Ia 450 001 996391222403316 005 20200824132418.0 035 $a(CKB)1000000000663771 035 $a(EEBO)2240932707 035 $a(OCoLC)ocm33151090e 035 $a(OCoLC)33151090 035 $a(EXLCZ)991000000000663771 100 $a19950918d1551 uy | 101 0 $aeng 135 $aurbn||||a|bb| 200 12$aA proclamacion set furthe by the kynges maiestie, wyth the aduise of his most honorable privey counsail, the xviii. day of July, in the v. yere of his graces most prosperous reigne, against suche as slaunderously whisper and spread abrode false rumours of the further abacing of the coyne$b[electronic resource] 210 $a[London?] $cRichardus Grafton typographus Regius excudebat$dM. D. LI. [1551] 215 $a1 sheet ([1] p.) 300 $aContains wood-cut initial. 300 $aReproduction of original in: Society of Antiquaries. 330 $aeebo-0147 606 $aDevaluation of currency$zEngland$y16th century 606 $aMonetary policy$zEngland 607 $aGreat Britain$xHistory$yEdward VI, 1547-1553 608 $aBroadsides$zLondon (England)$y16th century.$2rbgenr 615 0$aDevaluation of currency 615 0$aMonetary policy 701 $aEdward$cKing of England,$f1537-1553.$01002269 801 0$bEBK 801 1$bEBK 801 2$bWaOLN 906 $aBOOK 912 $a996391222403316 996 $aA proclamacion set furthe by the kynges maiestie, wyth the aduise of his most honorable privey counsail, the xviii. day of July, in the v. yere of his graces most prosperous reigne, against suche as slaunderously whisper and spread abrode false rumours of the further abacing of the coyne$92378945 997 $aUNISA